000 00647nam a2200217Ia 4500
003 OSt
005 20250723115015.0
008 210210b2000 xxu||||| |||| 00| 0 eng d
040 _cAL
041 _aKannada
082 _aK894.1 KUVS
100 _aKUVEMPU (Psued Puttappa KV).
_988912
_dಕುವೆಂಪು
245 _aSamagra kavya samputa - 1
_bಸಮಗ್ರ ಕಾವ್ಯ ಸಂಪುಟ - ೧
260 _aVidyaranya
_bPrasaranga
_c2000
300 _axxxix,1054
440 _a1
_988913
650 _aKannada padya ಕನ್ನಡ ಪದ್ಯ
_988914
690 _aKannada Poetry
_988915
906 _a056537
942 _2ddc
_cBK
999 _c104015
_d104015